Economics ; an introduction to analysis and policy / (Record no. 7753)

MARC details
000 -LEADER
fixed length control field 00546nam a22001817a 4500
003 - CONTROL NUMBER IDENTIFIER
control field OSt
005 - DATE AND TIME OF LATEST TRANSACTION
control field 20250410060859.0
008 - FIXED-LENGTH DATA ELEMENTS--GENERAL INFORMATION
fixed length control field 250410b |||||||| |||| 00| 0 eng d
020 ## - INTERNATIONAL STANDARD BOOK NUMBER
International Standard Book Number 9780132273145
040 ## - CATALOGING SOURCE
Transcribing agency n
082 ## - DEWEY DECIMAL CLASSIFICATION NUMBER
Classification number 338.5076 B122 1954
100 ## - MAIN ENTRY--PERSONAL NAME
Personal name Bach, George Leland
245 ## - TITLE STATEMENT
Title Economics ; an introduction to analysis and policy /
Statement of responsibility, etc. George Leland Bach
260 ## - PUBLICATION, DISTRIBUTION, ETC.
Name of publisher, distributor, etc. Prentice-Hall, Englewood Cliffs, N.J., ©1954
300 ## - PHYSICAL DESCRIPTION
Extent 720 pages, 23 cm
650 ## - SUBJECT ADDED ENTRY--TOPICAL TERM
Topical term or geographic name entry element Economics, Economics Problems, exercises, etc
942 ## - ADDED ENTRY ELEMENTS (KOHA)
Source of classification or shelving scheme Dewey Decimal Classification
Koha item type English Book
Suppress in OPAC No

No items available.